[Event "DEM U12w 2023"]
[Site "Willingen GER"]
[Date "2023.06.02"]
[Round "8"]
[White "Margaryan, Mane"]
[Black "Averkova, Mariia"]
[Result "0-1"]
[Termination "normal"]
[Board "13"]
[WhiteElo "1403"]
[BlackElo "1367"]
[WhiteClock "00:47:57"]
[BlackClock "00:20:53"]
[PlyCount "111"]
[WhiteFideId "16268237"]
[BlackFideId "34651470"]
[EventCountry "GER"]
[EventRounds "9"]
[EventType "swiss"]
[EventDate "2023.05.27"]

1. d4 {[%clk 01:30:59]} d5 {[%clk 01:30:55]} {[%emt 00:00:05]} 2. c4 {[%clk
01:31:26]} {[%emt 00:00:03]} e6 {[%clk 01:31:21]} {[%emt 00:00:04]} 3. Nc3
{[%clk 01:31:52]} {[%emt 00:00:05]} Nf6 {[%clk 01:31:36]} {[%emt 00:00:14]} 4.
Bg5 {[%clk 01:32:08]} {[%emt 00:00:14]} Be7 {[%clk 01:31:50]} {[%emt 00:00:16]}
5. cxd5 {[%clk 01:32:08]} {[%emt 00:00:30]} exd5 {[%clk 01:31:52]} {[%emt
00:00:28]} 6. Nf3 {[%clk 01:27:27]} {[%emt 00:05:12]} Bg4 {[%clk 01:30:40]}
{[%emt 00:01:41]} 7. e3 {[%clk 01:26:32]} {[%emt 00:01:25]} O-O {[%clk
01:29:03]} {[%emt 00:02:07]} 8. Be2 {[%clk 01:26:04]} {[%emt 00:00:57]} c6
{[%clk 01:26:09]} {[%emt 00:03:24]} 9. O-O {[%clk 01:26:12]} {[%emt 00:00:22]}
Nbd7 {[%clk 01:24:55]} {[%emt 00:01:43]} 10. Rb1 {[%clk 01:24:46]} {[%emt
00:01:57]} Rc8 {[%clk 01:21:39]} {[%emt 00:03:45]} 11. b4 {[%clk 01:24:25]}
{[%emt 00:00:53]} Re8 {[%clk 01:16:22]} {[%emt 00:05:47]} 12. Qd2 {[%clk
01:20:58]} {[%emt 00:03:57]} Ne4 {[%clk 01:13:50]} {[%emt 00:03:02]} 13. Nxe4
{[%clk 01:21:08]} {[%emt 00:00:19]} dxe4 {[%clk 01:12:38]} {[%emt 00:01:42]}
14. Bxe7 {[%clk 01:20:42]} {[%emt 00:00:56]} Qxe7 {[%clk 01:11:58]} {[%emt
00:01:10]} 15. Ne1 {[%clk 01:20:01]} {[%emt 00:01:12]} Bxe2 {[%clk 01:11:01]}
{[%emt 00:01:27]} 16. Qxe2 {[%clk 01:20:25]} {[%emt 00:00:06]} Nb6 {[%clk
01:08:09]} {[%emt 00:03:22]} 17. Nc2 {[%clk 01:17:48]} {[%emt 00:03:06]} Nd5
{[%clk 01:02:54]} {[%emt 00:05:45]} 18. Qd2 {[%clk 01:16:04]} {[%emt 00:02:14]}
Qc7 {[%clk 00:59:48]} {[%emt 00:03:35]} 19. Rfc1 {[%clk 01:14:34]} {[%emt
00:01:59]} a6 {[%clk 00:56:06]} {[%emt 00:04:14]} 20. a4 {[%clk 01:12:57]}
{[%emt 00:02:07]} Qd7 {[%clk 00:54:14]} {[%emt 00:02:23]} 21. Na3 {[%clk
01:10:42]} {[%emt 00:02:45]} b5 {[%clk 00:51:55]} {[%emt 00:02:49]} 22. a5
{[%clk 01:10:11]} {[%emt 00:01:01]} Re6 {[%clk 00:50:09]} {[%emt 00:02:15]} 23.
Rc5 {[%clk 01:08:01]} {[%emt 00:02:40]} Rg6 {[%clk 00:48:27]} {[%emt 00:02:12]}
24. Qe2 {[%clk 01:06:17]} {[%emt 00:02:07]} Qh3 {[%clk 00:43:27]} {[%emt
00:05:37]} 25. Qf1 {[%clk 01:05:38]} {[%emt 00:01:08]} Nxe3 {[%clk 00:41:20]}
{[%emt 00:02:39]} 26. fxe3 {[%clk 01:00:40]} {[%emt 00:05:28]} Qxe3+ {[%clk
00:41:25]} {[%emt 00:00:25]} 27. Kh1 {[%clk 00:57:50]} {[%emt 00:03:19]} Qxa3
{[%clk 00:39:37]} {[%emt 00:02:19]} 28. Qf5 {[%clk 00:56:45]} {[%emt 00:01:34]}
Re8 {[%clk 00:34:04]} {[%emt 00:06:03]} 29. Re5 {[%clk 00:51:31]} {[%emt
00:05:43]} Rge6 {[%clk 00:29:52]} {[%emt 00:04:43]} 30. Qxe4 {[%clk 00:50:08]}
{[%emt 00:01:53]} Qc3 {[%clk 00:19:32]} {[%emt 00:10:52]} 31. Rxe6 {[%clk
00:36:45]} {[%emt 00:13:52]} Rxe6 {[%clk 00:19:33]} {[%emt 00:00:29]} 32. Qh4
{[%clk 00:36:49]} {[%emt 00:00:20]} h6 {[%clk 00:16:04]} {[%emt 00:04:04]} 33.
h3 {[%clk 00:36:12]} {[%emt 00:01:07]} Rd6 {[%clk 00:08:28]} {[%emt 00:08:07]}
34. Qg4 {[%clk 00:25:38]} {[%emt 00:10:59]} Rd8 {[%clk 00:06:31]} {[%emt
00:02:30]} 35. Kg1 {[%clk 00:17:56]} {[%emt 00:08:13]} Qxd4+ {[%clk 00:06:29]}
{[%emt 00:00:32]} 36. Qxd4 {[%clk 00:17:16]} {[%emt 00:01:09]} Rxd4 {[%clk
00:06:54]} {[%emt 00:00:06]} 37. Rc1 {[%clk 00:17:12]} {[%emt 00:00:34]} Rd6
{[%clk 00:07:13]} {[%emt 00:00:11]} 38. Rc5 {[%clk 00:17:22]} {[%emt 00:00:20]}
Rf6 {[%clk 00:06:42]} {[%emt 00:01:01]} 39. g4 {[%clk 00:17:29]} {[%emt
00:00:23]} Kf8 {[%clk 00:04:04]} {[%emt 00:03:08]} 40. Kg2 {[%clk 00:17:40]}
{[%emt 00:00:19]} Ke7 {[%clk 00:03:28]} {[%emt 00:01:06]} 41. Kg3 {[%clk
00:17:50]} {[%emt 00:00:20]} Kd6 {[%clk 00:02:38]} {[%emt 00:01:20]} 42. h4
{[%clk 00:17:48]} {[%emt 00:00:32]} Rf1 {[%clk 00:28:42]} {[%emt 00:04:26]} 43.
h5 {[%clk 00:46:51]} {[%emt 00:01:27]} f6 {[%clk 00:27:28]} {[%emt 00:01:44]}
44. Kg2 {[%clk 00:46:30]} {[%emt 00:00:51]} Rb1 {[%clk 00:27:16]} {[%emt
00:00:43]} 45. Kf3 {[%clk 00:46:13]} {[%emt 00:00:46]} Rxb4 {[%clk 00:26:40]}
{[%emt 00:01:06]} 46. Rf5 {[%clk 00:46:18]} {[%emt 00:00:24]} Ke6 {[%clk
00:21:52]} {[%emt 00:05:20]} 47. Rc5 {[%clk 00:46:29]} {[%emt 00:00:17]} Rc4
{[%clk 00:21:46]} {[%emt 00:00:38]} 48. Rxc4 {[%clk 00:46:38]} {[%emt
00:00:21]} bxc4 {[%clk 00:22:08]} {[%emt 00:00:07]} 49. Ke4 {[%clk 00:46:45]}
{[%emt 00:00:23]} c5 {[%clk 00:22:03]} {[%emt 00:00:36]} 50. Ke3 {[%clk
00:47:09]} {[%emt 00:00:06]} Kd5 {[%clk 00:21:41]} {[%emt 00:00:52]} 51. Kd2
{[%clk 00:47:17]} {[%emt 00:00:22]} Kd4 {[%clk 00:21:38]} {[%emt 00:00:32]} 52.
Kc2 {[%clk 00:47:27]} {[%emt 00:00:19]} c3 {[%clk 00:21:28]} {[%emt 00:00:42]}
53. Kc1 {[%clk 00:47:36]} {[%emt 00:00:22]} Kd3 {[%clk 00:21:01]} {[%emt
00:00:56]} 54. Kd1 {[%clk 00:47:33]} {[%emt 00:00:32]} c4 {[%clk 00:20:44]}
{[%emt 00:00:47]} 55. g5 {[%clk 00:47:32]} {[%emt 00:00:32]} fxg5 {[%clk
00:20:53]} {[%emt 00:00:21]} 56. Kc1 {[%clk 00:47:57]} {[%emt 00:00:05]} 0-1

[Event "DEM U12w 2023"]
[Site "Willingen GER"]
[Date "2023.06.02"]
[Round "8"]
[White "Fettan, Nua"]
[Black "Komar, Valerie"]
[Result "0-1"]
[Termination "normal"]
[Board "15"]
[WhiteElo "1234"]
[BlackElo "1379"]
[WhiteClock "00:28:29"]
[BlackClock "00:44:54"]
[PlyCount "108"]
[WhiteFideId "34637362"]
[BlackFideId "34139664"]
[EventCountry "GER"]
[EventRounds "9"]
[EventType "swiss"]
[EventDate "2023.05.27"]

1. e4 {[%clk 01:30:59]} e5 {[%clk 01:30:55]} {[%emt 00:00:04]} 2. Nf3 {[%clk
01:31:26]} {[%emt 00:00:04]} Nf6 {[%clk 01:31:22]} {[%emt 00:00:04]} 3. Nc3
{[%clk 01:31:47]} {[%emt 00:00:09]} Bb4 {[%clk 01:31:48]} {[%emt 00:00:04]} 4.
Bc4 {[%clk 01:31:09]} {[%emt 00:01:08]} d6 {[%clk 01:31:48]} {[%emt 00:00:30]}
5. d3 {[%clk 01:31:11]} {[%emt 00:00:29]} O-O {[%clk 01:31:34]} {[%emt
00:00:43]} 6. O-O {[%clk 01:31:21]} {[%emt 00:00:19]} Be6 {[%clk 01:30:46]}
{[%emt 00:01:18]} 7. Bxe6 {[%clk 01:28:56]} {[%emt 00:02:57]} fxe6 {[%clk
01:31:08]} {[%emt 00:00:08]} 8. Bg5 {[%clk 01:26:42]} {[%emt 00:02:44]} Nbd7
{[%clk 01:30:21]} {[%emt 00:01:17]} 9. a3 {[%clk 01:25:19]} {[%emt 00:01:54]}
Bxc3 {[%clk 01:27:02]} {[%emt 00:03:48]} 10. bxc3 {[%clk 01:25:23]} {[%emt
00:00:26]} Rf7 {[%clk 01:25:33]} {[%emt 00:01:59]} 11. Re1 {[%clk 01:23:01]}
{[%emt 00:02:52]} Nf8 {[%clk 01:23:16]} {[%emt 00:02:46]} 12. Rb1 {[%clk
01:21:52]} {[%emt 00:01:40]} b6 {[%clk 01:22:51]} {[%emt 00:00:55]} 13. d4
{[%clk 01:21:56]} {[%emt 00:00:27]} Ng6 {[%clk 01:17:46]} {[%emt 00:05:35]} 14.
dxe5 {[%clk 01:19:15]} {[%emt 00:03:11]} dxe5 {[%clk 01:17:30]} {[%emt
00:00:46]} 15. Qxd8+ {[%clk 01:18:41]} {[%emt 00:01:04]} Rxd8 {[%clk 01:17:54]}
{[%emt 00:00:06]} 16. h4 {[%clk 01:18:03]} {[%emt 00:01:08]} h5 {[%clk
01:15:27]} {[%emt 00:02:56]} 17. g3 {[%clk 01:15:39]} {[%emt 00:02:55]} Rd6
{[%clk 01:12:33]} {[%emt 00:03:22]} 18. Nh2 {[%clk 01:10:32]} {[%emt 00:05:39]}
Rc6 {[%clk 01:09:23]} {[%emt 00:03:40]} 19. Bd2 {[%clk 01:08:42]} {[%emt
00:02:20]} a5 {[%clk 01:07:41]} {[%emt 00:02:11]} 20. Kg2 {[%clk 01:05:53]}
{[%emt 00:03:20]} Rc4 {[%clk 01:06:46]} {[%emt 00:01:24]} 21. f3 {[%clk
01:04:27]} {[%emt 00:01:57]} Rd7 {[%clk 00:59:19]} {[%emt 00:07:57]} 22. Rbd1
{[%clk 01:00:59]} {[%emt 00:03:58]} Ra4 {[%clk 00:58:46]} {[%emt 00:01:03]} 23.
Bc1 {[%clk 01:00:58]} {[%emt 00:00:31]} Rc4 {[%clk 00:57:07]} {[%emt 00:02:08]}
24. Rxd7 {[%clk 01:00:00]} {[%emt 00:01:29]} Nxd7 {[%clk 00:57:29]} {[%emt
00:00:09]} 25. Bd2 {[%clk 00:57:53]} {[%emt 00:02:36]} Nc5 {[%clk 00:57:28]}
{[%emt 00:00:32]} 26. Kh3 {[%clk 00:57:02]} {[%emt 00:01:20]} Kf7 {[%clk
00:56:34]} {[%emt 00:01:24]} 27. g4 {[%clk 00:56:08]} {[%emt 00:01:25]} Nf4+
{[%clk 00:55:18]} {[%emt 00:01:45]} 28. Kg3 {[%clk 00:56:18]} {[%emt 00:00:20]}
g6 {[%clk 00:54:34]} {[%emt 00:01:15]} 29. Nf1 {[%clk 00:51:26]} {[%emt
00:05:22]} hxg4 {[%clk 00:51:32]} {[%emt 00:03:32]} 30. Kxg4 {[%clk 00:50:12]}
{[%emt 00:01:43]} Kf6 {[%clk 00:49:36]} {[%emt 00:02:25]} 31. Ne3 {[%clk
00:46:58]} {[%emt 00:03:45]} Ra4 {[%clk 00:48:05]} {[%emt 00:02:01]} 32. Bc1
{[%emt 00:01:47]} Nb7 {[%clk 00:47:17]} {[%emt 00:01:14]} 33. Rd1 {[%clk
00:42:48]} {[%emt 00:03:24]} Nd6 {[%clk 00:47:25]} {[%emt 00:00:22]} 34. Kg3
{[%clk 00:40:12]} {[%emt 00:02:55]} Ne2+ {[%clk 00:47:50]} {[%emt 00:00:18]}
35. Kf2 {[%clk 00:39:12]} {[%emt 00:01:31]} Nxc1 {[%clk 00:48:11]} {[%emt
00:00:09]} 36. Rxc1 {[%clk 00:39:38]} {[%emt 00:00:04]} Rxa3 {[%clk 00:48:23]}
{[%emt 00:00:18]} 37. Ng4+ {[%clk 00:39:09]} {[%emt 00:00:59]} Kg7 {[%clk
00:47:11]} {[%emt 00:01:40]} 38. Nxe5 {[%clk 00:38:08]} {[%emt 00:01:32]} Rxc3
{[%clk 00:47:29]} {[%emt 00:00:13]} 39. Rg1 {[%clk 00:37:24]} {[%emt 00:01:11]}
Rxc2+ {[%clk 00:47:14]} {[%emt 00:00:47]} 40. Ke3 {[%clk 00:37:36]} {[%emt
00:00:18]} Kf6 {[%clk 00:46:25]} {[%emt 00:01:19]} 41. Kf4 {[%clk 00:36:31]}
{[%emt 00:01:36]} a4 {[%clk 00:45:12]} {[%emt 00:01:43]} 42. Rxg6+ {[%clk
00:36:52]} {[%emt 00:00:08]} Ke7 {[%clk 00:45:35]} {[%emt 00:00:06]} 43. Rg7+
{[%clk 00:36:53]} {[%emt 00:00:30]} Kf8 {[%clk 00:45:41]} {[%emt 00:00:21]} 44.
Rd7 {[%clk 00:35:28]} {[%emt 00:01:59]} a3 {[%clk 00:45:18]} {[%emt 00:00:53]}
45. Rd8+ {[%clk 00:35:40]} {[%emt 00:00:17]} Ke7 {[%clk 00:45:20]} {[%emt
00:00:22]} 46. Ra8 {[%clk 00:35:51]} {[%emt 00:00:25]} a2 {[%clk 00:45:14]}
{[%emt 00:00:37]} 47. h5 {[%clk 00:36:09]} {[%emt 00:00:10]} Nb7 {[%clk
00:44:27]} {[%emt 00:01:17]} 48. h6 {[%clk 00:31:31]} {[%emt 00:05:09]} Na5
{[%clk 00:44:47]} {[%emt 00:00:11]} 49. Ng6+ {[%clk 00:30:16]} {[%emt
00:01:45]} Kd6 {[%clk 00:44:23]} {[%emt 00:00:47]} 50. Rd8+ {[%clk 00:30:25]}
{[%emt 00:00:27]} Kc5 {[%clk 00:44:32]} {[%emt 00:00:17]} 51. h7 {[%clk
00:30:14]} {[%emt 00:00:44]} a1=Q {[%emt 00:00:35]} 52. h8=Q {[%clk 00:30:24]}
{[%emt 00:00:15]} Qc1+ {[%clk 00:44:38]} {[%emt 00:00:25]} 53. Kg4 {[%clk
00:29:30]} {[%emt 00:01:23]} Rg2+ {[%clk 00:44:54]} {[%emt 00:00:13]} 54. Kh5
{[%clk 00:28:29]} {[%emt 00:01:33]} Qg5 {[%emt 00:00:51]} 0-1

[Event "DEM U12w 2023"]
[Site "Willingen GER"]
[Date "2023.06.02"]
[Round "8"]
[White "Myronova, Alisa"]
[Black "Briese, Sophie"]
[Result "0-1"]
[Termination "normal"]
[Board "17"]
[WhiteElo "1314"]
[BlackElo "1214"]
[WhiteClock "00:53:32"]
[BlackClock "00:57:18"]
[PlyCount "186"]
[WhiteFideId "34160671"]
[BlackFideId "34660305"]
[EventCountry "GER"]
[EventRounds "9"]
[EventType "swiss"]
[EventDate "2023.05.27"]

1. d4 {[%clk 01:30:56]} {[%emt 00:00:03]} d5 {[%clk 01:30:55]} {[%emt
00:00:06]} 2. c4 {[%clk 01:31:22]} {[%emt 00:00:04]} e6 {[%clk 01:31:20]}
{[%emt 00:00:05]} 3. Nc3 {[%clk 01:31:47]} {[%emt 00:00:06]} Nf6 {[%clk
01:31:37]} {[%emt 00:00:12]} 4. Bg5 {[%clk 01:32:08]} {[%emt 00:00:09]} c6
{[%clk 01:31:50]} {[%emt 00:00:18]} 5. Nf3 {[%clk 01:30:21]} {[%emt 00:02:16]}
Nbd7 {[%clk 01:31:52]} {[%emt 00:00:28]} 6. c5 {[%clk 01:29:49]} {[%emt
00:01:02]} h6 {[%clk 01:31:52]} {[%emt 00:00:30]} 7. Bh4 {[%clk 01:28:36]}
{[%emt 00:01:43]} Be7 {[%clk 01:31:41]} {[%emt 00:00:41]} 8. Bg3 {[%clk
01:28:31]} {[%emt 00:00:35]} O-O {[%clk 01:31:23]} {[%emt 00:00:49]} 9. h3
{[%emt 00:03:34]} Qa5 {[%clk 01:29:48]} {[%emt 00:00:43]} 10. Qd2 {[%clk
01:26:38]} {[%emt 00:00:40]} Nh5 {[%clk 01:24:06]} {[%emt 00:06:12]} 11. Bh2
{[%clk 01:25:51]} {[%emt 00:01:16]} Re8 {[%clk 01:21:57]} {[%emt 00:02:39]} 12.
e3 {[%clk 01:25:54]} {[%emt 00:00:28]} Nhf6 {[%clk 01:19:58]} {[%emt 00:02:30]}
13. Bd3 {[%clk 01:25:53]} {[%emt 00:00:24]} Nh7 {[%clk 01:19:18]} {[%emt
00:01:17]} 14. O-O {[%clk 01:25:39]} {[%emt 00:00:44]} f6 {[%clk 01:18:34]}
{[%emt 00:01:14]} 15. Bxh7+ {[%clk 01:24:04]} {[%emt 00:02:04]} Kxh7 {[%clk
01:18:52]} {[%emt 00:00:12]} 16. Qc2+ {[%clk 01:21:58]} {[%emt 00:02:36]} Kg8
{[%clk 01:18:48]} {[%emt 00:00:33]} 17. Qg6 {[%clk 01:21:09]} {[%emt 00:01:16]}
Rf8 {[%clk 01:18:02]} {[%emt 00:01:19]} 18. a3 {[%clk 01:03:56]} {[%emt
00:17:44]} Qd8 {[%clk 01:15:14]} {[%emt 00:03:17]} 19. b4 {[%clk 01:03:48]}
{[%emt 00:00:38]} Qe8 {[%clk 01:15:04]} {[%emt 00:00:36]} 20. Qxe8 {[%clk
01:03:41]} {[%emt 00:00:41]} Rxe8 {[%clk 01:15:15]} {[%emt 00:00:19]} 21. Rfd1
{[%clk 01:03:36]} {[%emt 00:00:35]} b6 {[%clk 01:14:37]} {[%emt 00:01:09]} 22.
Bg3 {[%clk 01:00:09]} {[%emt 00:03:57]} Bb7 {[%clk 01:13:54]} {[%emt 00:01:12]}
23. Rac1 {[%clk 00:57:25]} {[%emt 00:03:14]} a5 {[%clk 01:13:51]} {[%emt
00:00:34]} 24. Na4 {[%clk 00:52:59]} {[%emt 00:04:55]} axb4 {[%clk 01:13:31]}
{[%emt 00:00:51]} 25. Nxb6 {[%clk 00:52:41]} {[%emt 00:00:48]} Nxb6 {[%clk
01:13:33]} {[%emt 00:00:27]} 26. cxb6 {[%clk 00:52:49]} {[%emt 00:00:22]} bxa3
{[%clk 01:13:49]} {[%emt 00:00:14]} 27. Ra1 {[%clk 00:52:55]} {[%emt 00:00:24]}
Bd8 {[%clk 01:13:13]} {[%emt 00:01:07]} 28. Rdb1 {[%clk 00:51:12]} {[%emt
00:02:08]} Ra6 {[%clk 01:11:17]} {[%emt 00:02:30]} 29. Bc7 {[%clk 00:51:35]}
{[%emt 00:00:06]} Bxc7 {[%clk 01:11:33]} {[%emt 00:00:15]} 30. bxc7 {[%clk
00:52:01]} {[%emt 00:00:04]} Ra7 {[%clk 01:09:04]} {[%emt 00:03:00]} 31. Rb3
{[%clk 00:51:55]} {[%emt 00:00:34]} Rc8 {[%clk 01:08:27]} {[%emt 00:01:09]} 32.
Raxa3 {[%clk 00:51:47]} {[%emt 00:00:38]} Rxa3 {[%clk 01:08:05]} {[%emt
00:00:52]} 33. Rxa3 {[%clk 00:52:10]} {[%emt 00:00:08]} Rxc7 {[%clk 01:07:47]}
{[%emt 00:00:48]} 34. Ra7 {[%clk 00:52:20]} {[%emt 00:00:20]} Rf7 {[%clk
01:07:25]} {[%emt 00:00:52]} 35. Nd2 {[%clk 00:51:27]} {[%emt 00:01:23]} Bc8
{[%clk 01:07:23]} {[%emt 00:00:32]} 36. Ra8 {[%clk 00:51:43]} {[%emt 00:00:14]}
Rf8 {[%clk 01:07:48]} {[%emt 00:00:05]} 37. Nb3 {[%clk 00:51:31]} {[%emt
00:00:41]} Bd7 {[%clk 01:08:02]} {[%emt 00:00:17]} 38. Ra7 {[%clk 00:51:44]}
{[%emt 00:00:17]} Be8 {[%clk 01:08:17]} {[%emt 00:00:14]} 39. Nc5 {[%clk
00:51:54]} {[%emt 00:00:21]} Rf7 {[%clk 01:06:42]} {[%emt 00:02:05]} 40. Ra8
{[%clk 00:51:18]} {[%emt 00:01:04]} Re7 {[%clk 01:06:57]} {[%emt 00:00:17]} 41.
Nb3 {[%clk 00:47:41]} {[%emt 00:04:07]} Kf7 {[%clk 01:06:20]} {[%emt 00:01:07]}
42. Na5 {[%clk 00:45:58]} {[%emt 00:02:13]} Rc7 {[%clk 01:06:00]} {[%emt
00:00:50]} 43. Nb3 {[%clk 00:45:56]} {[%emt 00:00:33]} e5 {[%clk 01:04:52]}
{[%emt 00:01:37]} 44. Nc5 {[%clk 00:45:05]} {[%emt 00:01:21]} g5 {[%clk
01:02:59]} {[%emt 00:02:22]} 45. g4 {[%clk 00:45:14]} {[%emt 00:00:22]} Ke7
{[%clk 01:02:18]} {[%emt 00:01:11]} 46. Ra6 {[%clk 00:44:54]} {[%emt 00:00:49]}
h5 {[%clk 01:00:03]} {[%emt 00:02:46]} 47. f3 {[%clk 00:44:47]} {[%emt
00:00:37]} h4 {[%clk 00:59:33]} {[%emt 00:01:00]} 48. Kf2 {[%clk 00:44:32]}
{[%emt 00:00:45]} Kd6 {[%clk 00:59:18]} {[%emt 00:00:44]} 49. Ke2 {[%emt
00:00:35]} Bd7 {[%clk 00:58:22]} {[%emt 00:01:19]} 50. Nxd7 {[%clk 00:44:26]}
{[%emt 00:00:39]} Kxd7 {[%clk 00:58:29]} {[%emt 00:00:23]} 51. Ra5 {[%clk
00:44:35]} {[%emt 00:00:21]} exd4 {[%clk 00:58:01]} {[%emt 00:00:58]} 52. exd4
{[%clk 00:44:56]} {[%emt 00:00:09]} Kd6 {[%clk 00:57:59]} {[%emt 00:00:33]} 53.
Rc5 {[%clk 00:45:19]} {[%emt 00:00:07]} Rb7 {[%clk 00:57:25]} {[%emt 00:01:04]}
54. Ke3 {[%clk 00:44:46]} {[%emt 00:01:00]} Rb5 {[%clk 00:57:36]} {[%emt
00:00:22]} 55. Rc1 {[%clk 00:44:33]} {[%emt 00:00:43]} c5 {[%clk 00:57:00]}
{[%emt 00:01:06]} 56. dxc5+ {[%clk 00:44:31]} {[%emt 00:00:31]} Rxc5 {[%clk
00:57:20]} {[%emt 00:00:10]} 57. Rd1 {[%clk 00:44:32]} {[%emt 00:00:30]} Ke5
{[%clk 00:56:46]} {[%emt 00:01:04]} 58. Re1 {[%clk 00:43:56]} {[%emt 00:01:04]}
d4+ {[%clk 00:56:32]} {[%emt 00:00:46]} 59. Kf2+ {[%clk 00:43:52]} {[%emt
00:00:34]} Kd5 {[%clk 00:56:39]} {[%emt 00:00:23]} 60. Rd1 {[%clk 00:43:56]}
{[%emt 00:00:26]} Rc2+ {[%clk 00:56:33]} {[%emt 00:00:36]} 61. Kg1 {[%clk
00:43:02]} {[%emt 00:02:52]} Kc4 {[%clk 00:56:15]} {[%emt 00:00:48]} 62. Re1
{[%clk 00:43:07]} {[%emt 00:00:26]} d3 {[%clk 00:56:27]} {[%emt 00:00:19]} 63.
Re4+ {[%clk 00:43:24]} {[%emt 00:00:12]} Kc3 {[%clk 00:56:29]} {[%emt
00:00:28]} 64. Re3 {[%clk 00:43:48]} {[%emt 00:00:06]} Re2 {[%clk 00:56:13]}
{[%emt 00:00:46]} 65. Rxe2 {[%clk 00:42:50]} {[%emt 00:01:28]} dxe2 {[%clk
00:56:35]} {[%emt 00:00:08]} 66. Kf2 {[%clk 00:43:13]} {[%emt 00:00:07]} Kd2
{[%clk 00:56:55]} {[%emt 00:00:10]} 67. Kg2 {[%clk 00:43:28]} {[%emt 00:00:14]}
e1=Q {[%clk 00:57:05]} {[%emt 00:00:19]} 68. Kh2 {[%clk 00:43:49]} {[%emt
00:00:11]} Qg3 {[%clk 00:56:41]} {[%emt 00:00:54]} 69. Kh1 {[%clk 00:44:14]}
{[%emt 00:00:05]} Qxf3+ {[%clk 00:56:47]} {[%emt 00:00:24]} 70. Kg1 {[%clk
00:44:40]} {[%emt 00:00:05]} Qe2 {[%clk 00:56:26]} {[%emt 00:00:48]} 71. Kh1
{[%clk 00:45:06]} {[%emt 00:00:06]} Ke3 {[%clk 00:56:37]} {[%emt 00:00:19]} 72.
Kg1 {[%clk 00:45:29]} {[%emt 00:00:07]} Kf3 {[%clk 00:56:59]} {[%emt 00:00:09]}
73. Kh1 {[%clk 00:45:54]} {[%emt 00:00:04]} Qh2+ {[%clk 00:57:06]} {[%emt
00:00:08]} 74. Kxh2 {[%clk 00:46:22]} {[%emt 00:00:16]} Kf4 {[%clk 00:56:50]}
{[%emt 00:00:47]} 75. Kg2 {[%clk 00:46:43]} {[%emt 00:00:09]} Ke3 {[%clk
00:56:18]} {[%emt 00:01:01]} 76. Kg1 {[%clk 00:46:46]} {[%emt 00:00:28]} Kf3
{[%clk 00:56:04]} {[%emt 00:00:44]} 77. Kh2 {[%clk 00:47:11]} {[%emt 00:00:05]}
Kf2 {[%clk 00:56:11]} {[%emt 00:00:23]} 78. Kh1 {[%clk 00:47:37]} {[%emt
00:00:04]} Kg3 {[%clk 00:56:32]} {[%emt 00:00:08]} 79. Kg1 {[%clk 00:48:04]}
{[%emt 00:00:04]} Kxh3 {[%clk 00:56:53]} {[%emt 00:00:09]} 80. Kh1 {[%clk
00:48:30]} {[%emt 00:00:04]} Kxg4 {[%clk 00:57:17]} {[%emt 00:00:06]} 81. Kg2
{[%clk 00:48:54]} {[%emt 00:00:05]} h3+ {[%clk 00:57:24]} {[%emt 00:00:24]} 82.
Kh2 {[%clk 00:49:21]} {[%emt 00:00:03]} f5 {[%clk 00:56:39]} {[%emt 00:01:15]}
83. Kh1 {[%clk 00:49:45]} {[%emt 00:00:06]} f4 {[%clk 00:56:41]} {[%emt
00:00:28]} 84. Kg1 {[%clk 00:50:12]} {[%emt 00:00:03]} f3 {[%clk 00:56:49]}
{[%emt 00:00:22]} 85. Kf2 {[%clk 00:50:30]} {[%emt 00:00:11]} h2 {[%clk
00:56:46]} {[%emt 00:00:33]} 86. Ke3 {[%clk 00:50:56]} {[%emt 00:00:04]} h1=Q
{[%clk 00:57:01]} {[%emt 00:00:14]} 87. Kd3 {[%clk 00:51:22]} {[%emt 00:00:06]}
f2 {[%clk 00:56:58]} {[%emt 00:00:33]} 88. Ke2 {[%clk 00:51:44]} {[%emt
00:00:08]} f1=Q+ {[%clk 00:57:05]} {[%emt 00:00:22]} 89. Ke3 {[%clk 00:52:10]}
{[%emt 00:00:05]} Qf4+ {[%clk 00:57:10]} {[%emt 00:00:26]} 90. Kd3 {[%clk
00:52:30]} {[%emt 00:00:09]} Qh3+ {[%clk 00:57:30]} {[%emt 00:00:09]} 91. Ke2
{[%clk 00:52:53]} {[%emt 00:00:08]} Qfh2+ {[%clk 00:57:36]} {[%emt 00:00:24]}
92. Ke1 {[%clk 00:53:09]} {[%emt 00:00:12]} Qa3 {[%clk 00:57:33]} {[%emt
00:00:33]} 93. Kd1 {[%clk 00:53:32]} {[%emt 00:00:09]} Qa1# {[%clk 00:57:18]}
{[%emt 00:00:08]} 0-1